000 00972nam a2200301 i 4500
001 bg
003 BPK
005 20200408135407.0
008 991116s1982 pl a f f |001 0 pol
015 _aPB 1982/3056
020 _a8301042745
040 _aWA N
_cBPK
041 0 _apol
080 _a517
080 _a(075.8)
100 1 _aKołodziej, Witold
_eAutor
_d(1930-2011)
245 1 0 _aWybrane rozdziały analizy matematycznej /
_cWitold Kołodziej.
250 _aWyd. 2 popr.
260 _aWarszawa :
_bPańst. Wydaw. Naukowe,
_c1982.
300 _a358, [1] s. :
_bil. ;
_c24 cm.
490 1 _aBiblioteka Matematyczna,
_x0519-8356 ;
_vt. 36.
504 _aBibliogr. s. 346-347. - Indeksy.
655 4 _aPodręczniki akademickie
650 4 _aAnaliza matematyczna
830 0 _aBiblioteka Matematyczna,
_vt. 36.
856 _uhttp://koha.tu.koszalin.pl/cgi-bin/koha/opac-detail.pl?biblionumber=1753
_yKatalog online BPK
942 _2UKD
_cKS
999 _c1753
_d1753